Reframing sustainable tourism (Record no. 22907)

MARC details
000 -LEADER
fixed length control field 00450nam a2200169Ia 4500
008 - FIXED-LENGTH DATA ELEMENTS--GENERAL INFORMATION
fixed length control field 230917s9999||||xx |||||||||||||| ||und||
020 ## - ISBN
Price EUR79.99
040 ## - CATALOGING SOURCE
-- 240761
Original cataloging agency VIVEKANANDA LIBRARY
041 ## - Language
-- English
082 ## - DDC NUMBER
Classification number 338.4791 M136R
100 ## - MAIN ENTRY--PERSONAL NAME
Personal name McCool, Stephen F
245 #0 - TITLE STATEMENT
Title Reframing sustainable tourism
260 ## - PUBLICATION, DISTRIBUTION, ETC. (IMPRINT)
Place of publication, distribution, etc New York
Name of publisher, distributor, etc Springer
Date of publication, distribution, etc 2016
300 ## - PHYSICAL DESCRIPTION
Pages xix, 250 p.
500 ## - GENERAL NOTE
General note 2751 27/06/2017 PBA17/409 28/06/2017 Main Budget
942 ## - ADDED ENTRY ELEMENTS (KOHA)
Koha item type Books
Holdings
Withdrawn status Lost status Damaged status Not for loan Location (home branch) Sublocation or collection (holding branch) Shelving location Date acquired Koha issues (times borrowed) Koha full call number Accession No. Koha date last seen Koha item type
        VIVEKANANDA LIBRARY VIVEKANANDA LIBRARY IHTM Library 23/07/2017   338.4791 M136R 362115 17/09/2023 Books
© Designed and Maintained by Vivekananda Library, MDU Rohtak